<?xml version="1.0" encoding="UTF-8"?><?xml-stylesheet type="text/xsl" href="static/style.xsl"?><OAI-PMH xmlns="http://www.openarchives.org/OAI/2.0/" xmlns:xsi="http://www.w3.org/2001/XMLSchema-instance" xsi:schemaLocation="http://www.openarchives.org/OAI/2.0/ http://www.openarchives.org/OAI/2.0/OAI-PMH.xsd"><responseDate>2026-04-14T03:39:09Z</responseDate><request verb="GetRecord" identifier="oai:www.recercat.cat:2072/261528" metadataPrefix="marc">https://recercat.cat/oai/request</request><GetRecord><record><header><identifier>oai:recercat.cat:2072/261528</identifier><datestamp>2024-12-11T19:19:28Z</datestamp><setSpec>com_2072_5164</setSpec><setSpec>com_2072_5163</setSpec><setSpec>col_2072_261527</setSpec></header><metadata><record xmlns="http://www.loc.gov/MARC21/slim" xmlns:dcterms="http://purl.org/dc/terms/" xmlns:xsi="http://www.w3.org/2001/XMLSchema-instance" xmlns:doc="http://www.lyncode.com/xoai" xsi:schemaLocation="http://www.loc.gov/MARC21/slim http://www.loc.gov/standards/marcxml/schema/MARC21slim.xsd">
   <leader>00925njm 22002777a 4500</leader>
   <datafield ind2=" " ind1=" " tag="042">
      <subfield code="a">dc</subfield>
   </datafield>
   <datafield ind2=" " ind1=" " tag="720">
      <subfield code="a">Chiva i Molina, Ismael-Pascual</subfield>
      <subfield code="e">author</subfield>
   </datafield>
   <datafield ind2=" " ind1=" " tag="260">
      <subfield code="c">2016-05-05</subfield>
   </datafield>
   <datafield ind2=" " ind1=" " tag="520">
      <subfield code="a">La irrupció de la falsedat documental a la televisió catalana i, per extensió, a l’espanyola, ha forçat els telespectadors a replantejar-se la seva manera d’entendre els continguts que consumeixen a través del mitjà, sobretot perquè aquesta se serveix de les característiques típiques del documental convencional per tal de fer versemblant un relat inventat, parcialment o total. Amb aquest treball pretenem assenyalar quins són els trets que es fiquen al servei de la falsedat en dos falsos documentals que versen sobre una mateixa temàtica.</subfield>
   </datafield>
   <datafield ind1="8" ind2=" " tag="024">
      <subfield code="a">http://hdl.handle.net/2072/261528</subfield>
   </datafield>
   <datafield ind2="0" ind1="0" tag="245">
      <subfield code="a">L’efecte de la realitat. Recursos d'engany, posada en escena i realització en dos falsos documentals televisius emesos a Catalunya: Camaleó i Operación Palace</subfield>
   </datafield>
</record></metadata></record></GetRecord></OAI-PMH>